| 000 | 00737nam a2200205 u 4500 | ||
|---|---|---|---|
| 005 | 20210223131029.0 | ||
| 008 | 090625s2006 r 000 0 eng d | ||
| 020 | _a8480638559 | ||
| 035 | _aUPN01000171487 | ||
| 049 | _aCG | ||
| 050 | 4 |
_aGV191.63 _bR5.4 |
|
| 100 | 1 |
_aRitscher, Penny, _d1941- _941910 |
|
| 245 | 1 | 3 |
_aEl jardín de los secretos : _borganizar y vivir los espacios exteriores en las escuelas / _cPenny Ritscher ; tr. Mari Carmen Doñate. |
| 260 |
_aBarcelona, Esp. : _bOctaedro : _bRosa Sensat, _c2006. |
||
| 300 | _a128 p. | ||
| 440 | 0 |
_aTemas de infancia ; _v18. _pEducar de 0 a 6 años |
|
| 534 |
_pTitulo original: _tIl giardino dei segreti |
||
| 650 | 4 |
_aRECREACION AL AIRE LIBRE PARA NIÑOS _914376 |
|
| 905 | _aLibro | ||
| 999 |
_c143592 _d143592 |
||